| 000 | 00909nam a22002531u 4500 | ||
|---|---|---|---|
| 001 | 05948 | ||
| 003 | HDC | ||
| 007 | cr bn --- | ||
| 008 | 210122p xx fo d 00 engg | ||
| 040 | _aHDC | ||
| 245 | 0 |
_aMastering the Logistics Complexities of International Halal Supply Chains : _bDemystifying Halal Supply Chain |
|
| 260 |
_a[No place] : _bCentury Total Logistics Sdn. Bhd, _c2012 |
||
| 300 |
_a14 pages : _bIllustrations |
||
| 336 |
_atext _2rdacontent |
||
| 337 |
_acomputer _2rdamedia |
||
| 338 |
_aonline resource _2rdacarrier |
||
| 650 |
_aHalal industry _9144 |
||
| 650 |
_aHalal Logistics _9143 |
||
| 650 |
_aHalal Supply Chain _zMalaysia _95731 |
||
| 856 | _zRequest full-text at [email protected] | ||
| 942 | _2lcc | ||
| 942 | _cSLIDE | ||
| 942 | _kSLID 000640 | ||
| 999 |
_c3272 _d3272 |
||